Diccionario de radio y electricidad.

Bibliographic Details
Format: Book
Language:Spanish
Published: Buenos Aires : Republica Argentina, Editorial Albatros, [1945]
Edition:2 ed.,
Subjects:

MARC

Tag First Indicator Second Indicator Subfields
LEADER 00000cam a2200000 4500
001 in00000042255
005 20151007072623.0
008 800606s1945 ag ac d 00000 spa
010 |a  47003717  
035 |a (OCoLC)06394593 
035 |9 AAE8240AM 
040 |a DLC  |c TXA  |d UtOrBLW 
049 |a TXAM  |c [260565] 
050 0 |a TK6544  |b .D48 1945 
092 |a 621.38403  |b D545, 1945 
245 0 0 |a Diccionario de radio y electricidad. 
250 |a 2 ed.,  |b rev., corr. y aumentada con numerosos articulos, biografias e ilustraciones. 
264 1 |a Buenos Aires :  |b Republica Argentina, Editorial Albatros,  |c [1945] 
300 |a 2 pages ., [7]-326 pages, 1 :  |b illustrations (including portraits) diagrams ;  |c 20 cm. 
336 |a text  |b txt  |2 rdacontent 
337 |a unmediated  |b n  |2 rdamedia 
338 |a volume  |b nc  |2 rdacarrier 
650 0 |a Radio  |v Dictionaries  |x Spanish. 
650 0 |a Electricity  |v Dictionaries  |x Spanish. 
999 |a MARS 
999 f f |s ffda6c31-9be5-35fc-b7f1-2596ace07be7  |i c2379a42-7b07-3bc0-b75c-4562a76825aa  |t 0 
952 f f |p ric  |a Texas A&M University  |b Rellis Campus  |c Joint Library Facility  |d Remote Storage  |t 0  |e TK6544 .D48 1945  |h Library of Congress classification  |i unmediated -- volume  |m A14801038142 
998 f f |a TK6544 .D48 1945  |t 0  |l Remote Storage